Možnosti predikcie finančnej tiesne podnikov v SR

Metódy prognózovania finančného vývoja vo firme. Skúmanie ich možného využitia. Predikcia finančnej tiesne.

Salvato in:
Dettagli Bibliografici
Autore principale: Czillingová, Jana
Altri autori: Kostková, Albína, 1951-
Natura: Capitolo di libro
Lingua:slovacco
Soggetti:
Tags: Aggiungi Tag
Nessun Tag, puoi essere il primo ad aggiungerne!!

MARC

LEADER 00000nla$a2200000$$$4500
001 0050882
005 20240502071604.1
041 0 |a slo 
044 |a SK 
245 1 0 |a Možnosti predikcie finančnej tiesne podnikov v SR  |c Jana Czillingová, Albína Kostková 
520 |a Metódy prognózovania finančného vývoja vo firme. Skúmanie ich možného využitia. Predikcia finančnej tiesne. 
610 2 0 |a likvidita 
610 2 0 |a situácia finančná podniku 
610 2 0 |a likvidita majetku 
610 2 0 |a likvidita podniku 
610 2 0 |a bonita 
610 2 0 |a prognózy podnikové 
610 2 0 |a rentabilita podniku 
100 1 |a Czillingová, Jana 
700 1 |a Kostková, Albína, 1951-